| Tag |
First Indicator |
Second Indicator |
Subfields |
| LEADER |
00000pam a2200000 a 4500 |
| 001 |
in00000088229 |
| 005 |
20151008063105.0 |
| 008 |
810820s1982 nyu 00010ceng |
| 010 |
|
|
|a 81006987
|
| 020 |
|
|
|a 003058938X :
|c $13.50
|
| 035 |
|
|
|a (OCoLC)07772951
|
| 035 |
|
|
|9 AAK1564AM
|
| 039 |
0 |
|
|a 2
|b 3
|c 3
|d 3
|e 3
|
| 040 |
|
|
|a DLC
|c DLC
|d TXA
|d UtOrBLW
|
| 043 |
|
|
|a n-us---
|
| 049 |
|
|
|a TXAM
|c [1362586]
|
| 050 |
0 |
0 |
|a RC280 B8
|b R8
|
| 082 |
0 |
|
|a 362.1/4/0922
|2 19
|
| 100 |
1 |
|
|a Rubin, Diane.
|
| 245 |
1 |
0 |
|a Caring, a daughter's story /
|c Diane Rubin.
|
| 250 |
|
|
|a 1st ed.
|
| 264 |
|
1 |
|a New York :
|b Holt, Rinehart, and Winston,
|c [1982]
|
| 264 |
|
4 |
|c ©1982
|
| 300 |
|
|
|a x, 203 pages ;
|c 22 cm.
|
| 336 |
|
|
|a text
|b txt
|2 rdacontent
|
| 337 |
|
|
|a unmediated
|b n
|2 rdamedia
|
| 338 |
|
|
|a volume
|b nc
|2 rdacarrier
|
| 600 |
1 |
0 |
|a Rubin, Mildred.
|
| 600 |
1 |
0 |
|a Rubin, Seybert.
|
| 650 |
|
0 |
|a Breast
|x Cancer
|x Patients
|z United States
|v Biography.
|
| 650 |
|
0 |
|a Cerebrovascular disease
|x Patients
|z United States
|v Biography.
|
| 650 |
|
0 |
|a Aging parents
|z United States
|x Family relationships.
|
| 650 |
|
0 |
|a Aging parents
|x Health and hygiene.
|
| 999 |
|
|
|a MARS
|
| 999 |
f |
f |
|s 63c8a2ae-f5c4-3640-aa6c-301e26660399
|i 785c1f7b-3e9f-3442-b397-a69906258f08
|t 0
|
| 952 |
f |
f |
|p ric
|a Texas A&M University
|b Rellis Campus
|c Joint Library Facility
|d Remote Storage
|t 0
|e RC280 B8 R8
|h Library of Congress classification
|i unmediated -- volume
|m A14805973661
|
| 998 |
f |
f |
|a RC280 B8 R8
|t 0
|l Remote Storage
|